000 00446nam a2200181Ia 4500
001 10284
005 20260306161820.0
008 260306t1990||||xx |||||||||||||| ||spa||
041 _aESP
082 _a914.6
_bV23
100 _aParroquia San Miguel
_eAUT
245 0 _aEl valle de Elorz:
_bnaturaleza - historia - arte
260 _c1990
300 _a218 páginas :
_c24 cm.
650 _aGEN
654 _aCHU
942 _cLIB
_dJUS
_fJUS
_2ddc
_n
999 _c10284
_d10284